The American Naturalist

ग्रंथसूची विवरण
स्वरूप: इलेक्ट्रोनिक पत्रिका
भाषा:English
प्रकाशित: The University of Chicago Press
विषय:
ऑनलाइन पहुंच:Full text available on JSTOR[1867-03-01 - 2017-12-01]
Off-campus access
LEADER 01028cas a2200217 a 4500
001 AALejournalJSTOR001025
008 230228c9999 xx r poo 0 0eng d
022 |a 0003-0147 
022 |a 1537-5323 
040 |a BD-DhAAL  |c BD-DhAAL 
245 0 0 |h [electronic resource]  |a The American Naturalist 
260 |b The University of Chicago Press 
300 |a 1 online resource 
362 0 |a Vol. 1,  |a no. 1 
500 |a <strong>Off-Campus Access:</strong> Athens ID and Password Required 
500 |a <strong>On-Campus Access:</strong> No User ID or Password Required 
506 |a Electronic access restricted to authorized BRAC University faculty, staff and students 
538 |a Mode of access: Internet 
650 4 |a Biological Sciences ; Ecology & Evolutionary Biology ; Science & Mathematics 
856 4 0 |z Full text available on JSTOR[1867-03-01 - 2017-12-01]  |u https://www.jstor.org/journal/amernatu 
856 4 0 |z Off-campus access  |u https://go.openathens.net/redirector/bracu.ac.bd?url=https%3A%2F%2Fwww.jstor.org%2Fjournal%2Famernatu